Movies Quiz

Random Movies or Actress Quiz

Amazon Movie Reviews IX Quiz Stats

 Plays Quiz Updated Sep 2, 2017

Challenge
Share
Tweet
Embed
Score 0/20 Timer 08:00
0 Plays Today
% Correct
Ratatouille
93.2%
Frozen
83.3%
When Harry Met Sally...
79.7%
Gone Girl
73.9%
Scarface
72.6%
Back to the Future Part II
71.6%
Runaway Jury
62.5%
Burn After Reading
61%
Die Hard
57%
Waiting
56.2%
% Correct
Harry Potter and the Sorcerer's Stone
55.9%
The Devil's Advocate
54.8%
Lee Daniels' The Butler
54.7%
There's Something About Mary
52.1%
Hail, Caesar!
51.1%
Mamma Mia!
49.6%
Easy A
48.8%
It's a Wonderful Life
46.3%
Red
44.5%
The Breakfast Club
41.8%

You're not logged in!

Compare scores with friends on all Sporcle quizzes.
Join for Free
OR
Log In

You Might Also Like...

Show Comments

Extras

Top Quizzes Today


Score Distribution

Your Account Isn't Verified!

In order to create a playlist on Sporcle, you need to verify the email address you used during registration. Go to your Sporcle Settings to finish the process.

Report this User

Report this user for behavior that violates our Community Guidelines.

Details: